000 01002nam a2200241Ia 4500
003 OSt
005 20220923212013.0
006 a|||||r|||| 00| 0
007 ta
008 220922b |||||||| |||| 00| 0 hin d
024 _a149,744
037 _cTextual
040 _aARTS
_cARTS
_bhin
041 _2hin
_ahin
082 _a2:8, 152L8
100 _aश्रीवास्तव, श्यामनाथ; वर्मा, सुभाष
_9161869
245 0 _aपुस्तकालय संगठन एंव संचालन
_b सिद्रधान्त व व्यवहार
246 _aPustakālaya sangaṭhan eanva sanchālana: sidradhānta v vyavahāra
260 _aजयपुर
_b राजस्थान हिन्दी गं्रथ आकादमी
_c1978
300 _a220p.
_ccm.
942 _h2:8, 152L8
_cTEXL
_2CC
999 _c305424
_d305424